Estudio de prefactibilidad del proyecto de mejoramiento de la integración vial de Jinotega (Tramo Empalme La Marañosa-Wiwili 12.61 Km)
El proyecto consiste en una obra civil de pavimentación del tramo Empalme La Marañosa-Wiwili, que mejorará las condiciones de circulación del tramo, en especial en la época de invierno, cuando la circulación se ve muy comprometida debido a los daños causados por la escorrentía superficial en...
| Main Author: | |
|---|---|
| Other Authors: | |
| Format: | Tesis Section = Libro |
| Language: | Undetermined Spanish |
| Published: |
Managua
UNI
2017
|
| Subjects: |
| LEADER | 01505nam a2200289Ia 4500 | ||
|---|---|---|---|
| 008 | 240830s9999 xx 000 0 und d | ||
| 040 | |a BIBLIOTECA-RUSB/ M.Mon 625.76 R696 | ||
| 041 | |a spa | ||
| 082 | |a M.Mon 625.76 R696 | ||
| 100 | 1 | |a Rodríguez Guevara, Mario Ernesto | |
| 245 | 1 | 0 | |a Estudio de prefactibilidad del proyecto de mejoramiento de la integración vial de Jinotega (Tramo Empalme La Marañosa-Wiwili 12.61 Km) |
| 260 | |a Managua |b UNI |c 2017 | ||
| 300 | |a 121 p. :il. | ||
| 500 | |a Contiene: anexos. | ||
| 502 | |a Tesis (Master en Gerencia de Proyectos de Desarrollo.) - UNI, 2017. | ||
| 520 | 3 | |a El proyecto consiste en una obra civil de pavimentación del tramo Empalme La Marañosa-Wiwili, que mejorará las condiciones de circulación del tramo, en especial en la época de invierno, cuando la circulación se ve muy comprometida debido a los daños causados por la escorrentía superficial en la superficie de rodamiento. En este sentido se proyecta aumentar considerablemente la velocidad promedio de operación y por consiguiente disminuir el tiempo promedio de viaje. | |
| 650 | 7 | |a MANTENIMIENTO Y REPARACION DE CARRETERAS-PROYECTOS-JINOTEGA | |
| 650 | 7 | |b ESTUDIO DE FACTIBILIDAD | |
| 650 | 7 | |c DISEÑO DE PAVIMENTOS | |
| 650 | 7 | |d DISEÑO GEOMETRICO | |
| 650 | 7 | |e DISEÑO DE CARRETERAS | |
| 650 | 7 | |f EVALUACION ECONOMICA | |
| 650 | 7 | |g IMPACTO AMBIENTAL | |
| 700 | 1 | |a Tutor: |b Eslaquit Aragón, Juan Miguel | |
| 942 | |c BK |2 ddc | ||
| 991 | |a TESIS | ||
| 999 | |c 19308 | ||